Statistics for Stoke City all-time top scorers

Click here to take the quiz!

General Stats

  • This quiz has been taken 4 times
  • The average score is 2 of 10

Answer Stats

GoalsNationalityPlayer% Correct
62IrelandJonathan Walters
100%
61EnglandPeter Crouch
67%
50JamaicaRicardo Fuller
67%
38EnglandFrank Bowyer
0%
38IrelandGraham Kavanagh
0%
87EnglandJohn Ritchie
0%
35EnglandLee Chapman
0%
49EnglandPeter Dobing
0%
69EnglandPeter Thorne
0%
34EnglandTyrese Campbell
0%

Score Distribution

Percentile by Number Answered

Percent of People with Each Score

Your Score History

You have not taken this quiz